书目信息 |
| 题名: |
极微世界探极微
|
|
| 作者: | 张端明 编著 | |
| 分册: | ||
| 出版信息: | 汉口 湖北科学技术出版社 2000.03 |
|
| 页数: | 253页 | |
| 开本: | 32开 | |
| 丛书名: | ||
| 单 册: | ||
| 中图分类: | O572.2 | |
| 科图分类: | ||
| 主题词: | 核物理学 , 高能物理学 | |
| 电子资源: | ||
| ISBN: | 7-5352-2431-8 | |
| 000 | 00584nam0 2200205 45 | |
| 001 | 0012060976 | |
| 005 | 20001206095541.1 | |
| 010 | @a7-5352-2431-8@d12.50元 | |
| 100 | @a20001206d2000 km y0chiy0120 ea | |
| 101 | 0 | @achi |
| 105 | @a z 000yy | |
| 200 | 1 | @a极微世界探极微@AJi Wei Shi Jie Tan Ji Wei@f张端明编著@FZhang Duan Ming Bian Zhu |
| 210 | @a汉口@c湖北科学技术出版社@d2000.03 | |
| 215 | @a253页@d32开 | |
| 606 | 0 | @a核物理学 |
| 606 | 0 | @a高能物理学 |
| 690 | @aO572.2@v3 | |
| 701 | 0 | @a张端明@4编著 |
| 801 | @aCN@bPftUser@c20001206 | |
| 905 | @b514590-594@dO572.2@eZH524@f5 | |
| 极微世界探极微/张端明编著.-汉口:湖北科学技术出版社,2000.03 |
| 253页;32开 |
| ISBN 7-5352-2431-8:12.50元 |
| ● |
| 相关链接 |
|
|
|
正题名:极微世界探极微
索取号:O572.2/ZH524
 
预约/预借
| 序号 | 登录号 | 条形码 | 馆藏地/架位号 | 状态 | 备注 |
| 1 | 514590 | 205145902 | 自科二线504/504自科库 50排2列2层/ [索取号:O572.2/ZH524] | 在馆 | |
| 2 | 514591 | 205145911 | 自科库401/401自科库 89排2列1层/ [索取号:O572.2/ZH524] | 在馆 | |
| 3 | 514592 | 205145920 | 自科库401/401自科库 89排2列1层/ [索取号:O572.2/ZH524] | 在馆 | |
| 4 | 514593 | 205145939 | 自科二线504/504自科库 50排1列4层/ [索取号:O572.2/ZH524] | 在馆 | |
| 5 | 514594 | 205145948 | 自科库401/401自科库 89排2列1层/ [索取号:O572.2/ZH524] | 在馆 |